00545nam a2200169Ia 4500008004100000020001500041041000800056082001600064100002000080245003400100250000600134260003900140300001400179650003300193999001900226952013000245210716s2002 xx 000 0 und d a8178086875 aeng a004.22 MANM aMano, M Morris. aComputer system architecture. a3 aNew DelhibPearson Educationc2002 axviii,525 aComputer Arch., Org.(004.22) c185544d185544 00102ddc40738MCAaAIMITbAIMITeBook Worldg195.00l0o004.22 MANMpMCA05052r2025-07-21 00:00:00v165.75w2021-07-16yBK